| 000 | 04365nam a2200337 a 4500 | ||
|---|---|---|---|
| 003 | OSt | ||
| 005 | 20250923095213.0 | ||
| 007 | cr ||||||a|a|a | ||
| 008 | 250819s2025 mx a|||fom||| 001 0 spa d | ||
| 040 | _erda | ||
| 100 | 1 |
_aHernández López, Araceli _9190960 |
|
| 245 | 1 | 0 |
_aVariación adaptativa en carcteres morfológicos de plántulas de Pinus patula / _cpor Araceli Hernández López; director de tesis Liliana Muñoz Gutiérrez; secretario Jesus Vargas Hernández; vocal Javier López Upton; suplente Leopoldo Mohedano Caballero; suplente José A. Gil Vera Castillo. |
| 264 | 1 |
_aChapingo, México : _bEl autor, _c2025. |
|
| 300 |
_a1 recurso en línea (49 páginas): _bcuadros, figuras. |
||
| 336 |
_2rdacontent _atexto _btxt |
||
| 337 |
_2rdamedia _acomputadora _bc |
||
| 338 |
_2rdacarrier _arecurso en línea _bcr |
||
| 502 |
_bIRF _cDICIFO _d2025. _gLIC |
||
| 504 | _aIncluye referencias bibliográficas:30-35 páginas . | ||
| 520 | _aEn todo programa de mejoramiento genético, se requiere evaluar la variación genética existente en los árboles seleccionados y, determinar si existe un efecto del ambiente.Estas evaluaciones pueden llevarse a cabo en edades tempranas, cuando la planta se encuentra creciendo en vivero. Las evaluaciones están orientadas a determinar el desempeño de individuos seleccionados a través de su capacidad de germinación y el desarrollo de las primeras estructuras como los cotiledones e hipocótilo, los cuales comúnmente son indicadores de una selección temprana. Por lo anterior, se llevó a cabo un experimento con 59 familias de Pinus patula de diferentes procedencias, agrupadas en regiones de recolecta de las poblaciones naturales (Región 2, 3 y HSA). Fueron sembradas en un diseño de bloques completos con cinco repeticiones, bajo condiciones de invernadero (en un ambiente común). Se determinó la capacidad germinativa (%), número de cotiledones, longitud de cotiledones (cm) y longitud de hipocótilo (cm), las cuales fueron correlacionadas con las variables geoclimáticas del periodo 1991-2020 de los sitios de procedencia de cada familia, y se realizó un análisis de Pearson, un análisis canónico, así como un análisis de varianza. Los resultados del ANOVA demostraron que hay variación altamente significativa (p<0.0001) entre las variables morfológicas. La capacidad germinativa presentó mayor variación entre regiones (R2; 0-45%, R3; 11-97%, HSA; 58-100%), mientras que la variación en el número de cotiledones se atribuyó a los árboles con valores de 5 hasta 8 cotiledones para algunos individuos. Las correlaciones de Pearson indicaron que, a excepción del número de cotiledones, las demás variables se correlacionan positivamente con las variables geoclimáticas latitud (LAT), longitud (LONG), temperatura media anual (MAT), temperatura del mes más cálido (MWMT), día de inicio y termino del periodo libre de heladas (bFFP, eFPP), precipitación en forma de nieve (PAS) y temperatura extrema de 1991-2020 (EXT). Aquellas semillas procedentes de sitios ubicados más al norte y al oeste tienen mayor capacidad germinativa, longitud de cotiledones y de hipocótilo. Por otra parte, el modelo del análisis canónico fue significativo (p>0.0011), en donde una función explicó el 77% de la variación conjunta entre variables morfológicas y geoclimáticas, indicando que la capacidad germinativa y longitud de cotiledones fueron las variables más sensibles a MWMT, EXT y bFPP. Los resultados obtenidos dentro del estudio dan información para la toma de decisiones en cuanto a sitios de recolecta de germoplasma para Pinus patula, con base en el desarrollo inicial de la planta para usarla en programas de mejoramiento genético. | ||
| 650 | 4 |
_aPinus patula _xMejoramiento _9132940 |
|
| 650 | 4 |
_aPinus patula _xEfecto del medio ambiente _9191205 |
|
| 650 | 4 |
_aPinus patula _xSemillas _xGerminación _9132939 |
|
| 700 | 1 |
_aMuñoz Gutiérrez, Liliana _979604 _edirector. |
|
| 700 | 1 |
_aVargas Hernández, Jesús _9118024 _esecretario. |
|
| 700 | 1 |
_aLópez Upton, Javier _968387 _evocal. |
|
| 700 | 0 |
_aMohedano Caballero, Leopoldo _977285 _esuplente. |
|
| 700 | 1 |
_aVera Castillo, José Amando Gil _9118764 _esuplente. |
|
| 856 |
_uhttp://10.13.5.2/tesis/tl/1711164-1_HERNANDEZ_LOPEZ_ARACELI.pdf _zDESCARGAR PDF |
||
| 942 |
_2Clasificación Universidad Autónoma Chapingo _cTD |
||
| 999 |
_c220837 _d220837 |
||